1812-1814 (Запись № 4921037)

Подробности
000 -МАРКЕР
контрольное поле 02549nam0a22003851 4500
001 - ИДЕНТИФИКАТОР ЗАПИСИ
контрольное поле rc\205674
005 - ИДЕНТИФИКАТОР ВЕРСИИ
контрольное поле 20260407082226.0
010 ## - МЕЖДУНАРОДНЫЙ СТАНДАРТНЫЙ НОМЕР КНИГИ (ISBN)
Номер (ISBN) 5-85255-153-8
Тираж 8000
035 ## - ДРУГИЕ СИСТЕМНЫЕ НОМЕРА
Идентификатор записи (NLR Aleph) 005457325
100 ## - ДАННЫЕ ОБЩЕЙ ОБРАБОТКИ
Данные общей обработки 20030307d1992 |||y0rusy50 ca
101 0# - ЯЗЫК РЕСУРСА
Язык текста, звукозаписи и т.д. русский
102 ## - СТРАНА ПУБЛИКАЦИИ ИЛИ ПРОИЗВОДСТВА
Страна публикации Российская Федерация
105 ## - ПОЛЕ КОДИРОВАННЫХ ДАННЫХ: ТЕКСТОВЫЕ МАТЕРИАЛЫ, МОНОГРАФИЧЕСКИЕ
Кодированные данные о монографическом текстовом документе a |||||||||
200 1# - ЗАГЛАВИЕ И СВЕДЕНИЯ ОБ ОТВЕТСТВЕННОСТИ
Основное заглавие 1812-1814
Сведения, относящиеся к заглавию [Реляции. Письма. Дневники]
-- Из собр. Гос. Ист. музея
Первые сведения об ответственности [Сост., авт. вступ. статей и коммент. А.К. Афанасьев и др.]
210 ## - ПУБЛИКАЦИЯ, РАСПРОСТРАНЕНИЕ И ДР.
Место издания, распространения и т.д. М.
Имя издателя, распространителя и т. д. Изд. центр "Терра"
Дата издания, распространения и т.д. 1992
215 ## - ФИЗИЧЕСКАЯ ХАРАКТЕРИСТИКА
Специфическое обозначение материала и объем 510, [1] с., [32] л. ил.
Другие сведения о физической характеристике ил.
Размеры 27
300 ## - ОБЩИЕ ПРИМЕЧАНИЯ
Текст примечания Посвящается 180-летию Бородинского сражения
320 ## - ПРИМЕЧАНИЯ О НАЛИЧИИ В ДОКУМЕНТЕ БИБЛИОГРАФИИ / УКАЗАТЕЛЯ
Текст примечания Библиогр. в примеч. в конце разделов
320 ## - ПРИМЕЧАНИЯ О НАЛИЧИИ В ДОКУМЕНТЕ БИБЛИОГРАФИИ / УКАЗАТЕЛЯ
Текст примечания Указ. имен. и геогр. назв.: с. 488-508
327 1# - ПРИМЕЧАНИЯ О СОДЕРЖАНИИ
Текст примечания Содерж.: Секретная переписка генерала П.И. Багратиона; Личные письма генерала Н.Н. Раевского. Записки генерала М.С. Воронцова. Дневники офицеров русской армии
464 #0 - АНАЛИТИЧЕСКИЙ УРОВЕНЬ
Встроенное поле 2001#$aСекретная переписка генерала П.И. Багратиона
Заглавие Секретная переписка генерала П.И. Багратиона
464 #0 - АНАЛИТИЧЕСКИЙ УРОВЕНЬ
Встроенное поле 2001#$aЛичные письма генерала Н.Н. Раевского. Записки генерала М.С. Воронцова. Дневники офицеров русской армии
Заглавие Личные письма генерала Н.Н. Раевского. Записки генерала М.С. Воронцова. Дневники офицеров русской армии
600 #1 - ИМЯ ЛИЦА КАК ПРЕДМЕТ
Начальный элемент ввода Багратион
Часть имени, кроме начального элемента ввода П.И.
Расширение инициалов личного имени Петр Иванович
Код системы psbo
600 #1 - ИМЯ ЛИЦА КАК ПРЕДМЕТ
Начальный элемент ввода Раевский
Часть имени, кроме начального элемента ввода Н.Н.
Расширение инициалов личного имени Николай Николаевич
Код системы psbo
600 #1 - ИМЯ ЛИЦА КАК ПРЕДМЕТ
Начальный элемент ввода Воронцов
Часть имени, кроме начального элемента ввода М.С.
Расширение инициалов личного имени Михаил Семенович
Код системы psbo
702 #1 - ИМЯ ЛИЦА - ВТОРИЧНАЯ ОТВЕТСТВЕННОСТЬ
Код отношения Составитель
Графика поля Кириллица
Материалы, к которым относится поле rus
Начальный элемент ввода Афанасьев
Часть имени, кроме начального элемента ввода А. К.
Дополнения к именам, кроме дат канд. ист. наук, искусствовед
Даты 1944-
Расширение инициалов личного имени Александр Константинович
Системный номер авторитетной/нормативной записи 154731
Идентификатор авторитетной/нормативной записи RU\NLR\AUTH\770154769
712 02 - НАИМЕНОВАНИЕ ОРГАНИЗАЦИИ - ВТОРИЧНАЯ ОТВЕТСТВЕННОСТЬ
Начальный элемент ввода Государственный исторический музей
Идентифицирующий признак Москва
Системный номер авторитетной/нормативной записи 288698
Идентификатор авторитетной/нормативной записи RU\NLR\AUTH\888178
801 #0 - ИСТОЧНИК ЗАПИСИ
Страна Российская Федерация
Организация NLR
Правила каталогизации psbo
801 #1 - ИСТОЧНИК ЗАПИСИ
Страна Российская Федерация
Организация ELAR
Источник данных rusmarc
852 ## - МЕСТОНАХОЖДЕНИЕ И ШИФР ХРАНЕНИЯ
Идентификатор организации NLR
Шифр хранения (Call Number) 92-7/538
852 ## - МЕСТОНАХОЖДЕНИЕ И ШИФР ХРАНЕНИЯ
Идентификатор организации NLR
Шифр хранения (Call Number) Мф К1/32435
942 ## - ДОПОЛНИТЕЛЬНЫЕ ЭЛЕМЕНТЫ ЗАПИСИ (АБИС)
Тип экземпляра АБИС Книга
980 ## - КОЛЛЕКЦИЯ
Название коллекции Национальная библиография
Экземпляры
Тип экземпляра Дата поступления Библиотека постоянного хранения Библиотека текущего хранения Место хранения Шифр хранения Штрих-код Статус экземпляра
Книга 26.10.2013 РНБ (Московский) РНБ (Московский) Русский книжный фонд: издания с 1957 года 92-7/538 1-1502046  
Книга 26.10.2013 РНБ (Московский) РНБ (Московский) Фонд микроформ Мф К1/32435 5457325-20